| 000 | 00346 a2200109 4500 | ||
|---|---|---|---|
| 001 | ART_11281 | ||
| 005 | 20260410161855.0 | ||
| 008 | 260409a | ||
| 245 | 1 | 0 | _aUn ensayo sobre historia de la política económica Argentina |
| 100 | 1 | _aVisintini, Alfredo | |
| 773 | 0 |
_tRevista de Economía _g- Nº 26 (ene./dic. 1978) _wREV11077 |
|
| 999 |
_c25424 _d25424 |
||